BTS SWIM - Lyrics - Statistics

General Stats
  • This quiz has been taken 39 times
  • The average score is 291 of 369
Answer Stats
Lyrics % Correct
I
100%
Swim,
100%
swim
100%
Swim
100%
(Swim),
100%
(Swim)
100%
a
97%
dive,
97%
dive
97%
just
97%
skin
97%
wanna
97%
you
97%
You
97%
lifetime
94%
Lifetime
94%
off
94%
spend
94%
Water
94%
Water,
94%
water
94%
your
94%
all
92%
be,
92%
be
92%
begin
92%
could
92%
falling
92%
is
92%
This
92%
this
92%
watching
92%
world,
92%
world
92%
Bad
89%
bad
89%
bad,
89%
it
89%
begins
86%
how
86%
mad
81%
the
81%
know
78%
deep,
75%
deep
75%
girl
75%
girl?
75%
in
75%
me,
75%
me
75%
So
75%
so
75%
(So
75%
like
72%
Yeah
72%
Yeah,
72%
yeah,
72%
(Yeah)
72%
yeah
72%
and
69%
make
69%
on
69%
Don't
67%
don't
67%
get
67%
hard
67%
Splash
67%
(Splash),
67%
to
67%
where
67%
with
67%
can
64%
easy,
64%
lost
64%
Nights
64%
up
64%
act,
61%
ain't
61%
baby,
61%
Baby,
61%
moon
61%
my
61%
place
61%
Right
61%
sharks
61%
that
61%
away
58%
away?
58%
back,
58%
gotta
58%
hell
58%
here
58%
here,
58%
I'm
58%
still
58%
these,
58%
wake
58%
cold
56%
comin'
56%
feel
56%
feet
56%
love
56%
run
56%
Take
56%
take
56%
two
56%
(Two
56%
waves
56%
You're
56%
at,
53%
drift
53%
(Drift)
53%
even
53%
gettin'
53%
goody,
53%
goody
53%
high
53%
line
53%
Lookin'
53%
never
53%
only
53%
she's
53%
fins
50%
fins)
50%
sad
50%
sad)
50%
Salt
50%
tell
50%
thing,
50%
think
50%
whole
50%
across
47%
'bout
47%
gone
47%
stunnin'
47%
tongue,
47%
we
47%
ground,
44%
Oh,
44%
ready
44%
time
44%
drip
42%
(Drip)
42%
for
42%
holdin'
42%
sea
42%
map,
39%
Name
39%
now
39%
Why
39%
breathe
36%
everything
33%
face
33%
from
33%
shore,
33%
can't
31%
Let
31%
Sittin'
31%
chase
28%
land
28%
Turn
28%
Under
25%
(Woo),
14%
(Hey)
6%
No matching quizzes found
Score Distribution
Percent of People with Each Score
Percentile by Number Answered
Your Score History
You have not taken this quiz